00365 a2200145 4500003000400000005001700004008004100021020001800062040000900080082001900089100001700108245003000125260005000155300001400205OSt20250610140441.0250528b |||||||| |||| 00| 0 eng d a9788185986074 coclc a823.914bNAR/G aNarayan, R K aThe Guide /cR.K. Narayan aChennai:bIndian Thought Publications,c2007. a256 pages